[Event "Chessemy Open 2022"]
[Site "Reinstorf"]
[Date "2022.02.05"]
[Round "8.30"]
[White "Ponomarev, Maximilian"]
[Black "Sistig, Max"]
[Result "1-0"]
[WhiteElo "2003"]
[BlackElo "1846"]
[Annotator "NA RC"]
[PlyCount "119"]
[EventDate "2022.01.29"]
[EventType "swiss"]
[EventCountry "GER"]
[SourceTitle "playchess.com"]
[Source "ChessBase"]
[SourceQuality "1"]

1. e4 c5 2. Nf3 Nc6 3. d4 cxd4 4. Nxd4 Nf6 5. Nc3 e5 6. Ndb5 d6 7. Bg5 a6 8. Na3 b5 9. Nd5 Be7 10. Bxf6 Bxf6 11. c3 O-O 12. Nc2 Rb8 13. Be2 Bg5 14. O-O Kh8 15. Bg4 f5 16. Bxf5 Bxf5 17. exf5 Rxf5 18. Nce3 Bxe3 19. Nxe3 Rf6 20. a4 b4 21. Qd3 a5 22. Rad1 Rg6 23. Nc4 Qg5 24. Qe4 Rd8 25. g3 Ne7 26. Nxe5 Rf6 27. Nf3 Qh5 28. Qxe7 Re8 29. Qd7 Rxf3 30. Rxd6 Ref8 31. cxb4 axb4 32. Rc6 Qe5 33. Qd2 b3 34. Rc3 Rxc3 35. Qxc3 Qxc3 36. bxc3 Rc8 37. Rc1 h6 38. Kf1 Kg8 39. Ke2 b2 40. Rb1 Rxc3 41. Rxb2 Ra3 42. Rb4 g5 43. Kf1 Kf7 44. Kg2 Kg6 45. h4 gxh4 46. Rxh4 Kg5 47. Kh3 h5 48. Rb4 Ra2 49. f3 Ra3 50. f4+ Kg6 51. Kh4 Kh6 52. Rb5 Rxa4 53. Rxh5+ Kg6 54. Rb5 Rc4 55. Kg4 Kf6 56. Rb6+ Kg7 57. Kg5 Rc5+ 58. f5 Kf7 59. Rb7+ Kf8 60. g4 1-0

[Event "Chessemy Open 2022"]
[Site "Reinstorf"]
[Date "2022.02.05"]
[Round "8.31"]
[White "Bischoff, Ulrich"]
[Black "Sommer, Justus"]
[Result "1/2-1/2"]
[WhiteElo "1994"]
[BlackElo "1821"]
[Annotator "TA"]
[PlyCount "44"]
[EventDate "2022.01.29"]
[EventType "swiss"]
[EventCountry "GER"]
[SourceTitle "playchess.com"]
[Source "ChessBase"]
[SourceQuality "1"]

1. d4 d5 2. c4 e6 3. Nf3 Nf6 4. g3 Be7 5. Bg2 O-O 6. O-O dxc4 7. Qc2 a6 8. a4 Bd7 9. Qxc4 Bc6 10. Bf4 Bd6 11. Qc1 a5 12. Nc3 Na6 13. Rd1 Nb4 14. Ne5 Bxg2 15. Kxg2 Nfd5 16. Nf3 Nxf4+ 17. gxf4 Nd5 18. e3 Qf6 19. Qb1 Qh6 20. Qe4 Nf6 21. Qc2 Qh5 22. Qe2 Bb4 1/2-1/2

[Event "Chessemy Open 2022"]
[Site "Reinstorf"]
[Date "2022.02.05"]
[Round "8.33"]
[White "Poschadel, Andreas Gregor"]
[Black "Lehmann, Simon"]
[Result "1-0"]
[WhiteElo "1981"]
[BlackElo "1322"]
[Annotator "TA"]
[PlyCount "59"]
[EventDate "2022.01.29"]
[EventType "swiss"]
[EventCountry "GER"]
[SourceTitle "playchess.com"]
[Source "ChessBase"]
[SourceQuality "1"]

1. e4 d6 2. d4 Nf6 3. Nc3 g6 4. Bg5 Bg7 5. f4 O-O 6. Nf3 c6 7. Qd2 d5 8. Bxf6 exf6 9. e5 Re8 10. O-O-O Be6 11. Bd3 Nd7 12. Rhg1 b5 13. g4 Nb6 14. f5 Bd7 15. exf6 Qxf6 16. g5 Qd6 17. f6 Bf8 18. h4 Nc4 19. Bxc4 bxc4 20. h5 Qa3 21. Qh2 Qd6 22. hxg6 Qxh2 23. gxf7+ Kxf7 24. Nxh2 Bd6 25. Nf3 Re3 26. Rdf1 Bf4 27. Kb1 Rae8 28. Rh1 Kg8 29. f7+ Kxf7 30. Ne5+ 1-0

[Event "Chessemy Open 2022"]
[Site "Reinstorf"]
[Date "2022.02.05"]
[Round "8.34"]
[White "Zimmermann, Luc"]
[Black "Hilbenz, Guntram"]
[Result "1/2-1/2"]
[WhiteElo "2120"]
[BlackElo "1857"]
[Annotator "TA"]
[PlyCount "31"]
[EventDate "2022.01.29"]
[EventType "swiss"]
[EventCountry "GER"]
[SourceTitle "playchess.com"]
[Source "ChessBase"]
[SourceQuality "1"]

1. e4 e5 2. Bc4 Nf6 3. d3 Nc6 4. Nc3 Bc5 5. f4 d6 6. Nf3 O-O 7. Na4 Bb6 8. Nxb6 axb6 9. fxe5 dxe5 10. a3 Be6 11. Bxe6 fxe6 12. O-O Qd6 13. Kh1 Rad8 14. Be3 Nd4 15. Bxd4 exd4 16. e5 1/2-1/2

[Event "Chessemy Open 2022"]
[Site "Reinstorf"]
[Date "2022.02.05"]
[Round "8.35"]
[White "Oest, Thorsten"]
[Black "Muedder, Melanie"]
[Result "1-0"]
[WhiteElo "2111"]
[BlackElo "1788"]
[Annotator "TA"]
[PlyCount "69"]
[EventDate "2022.01.29"]
[EventType "swiss"]
[EventCountry "GER"]
[SourceTitle "playchess.com"]
[Source "ChessBase"]
[SourceQuality "1"]

1. e4 c5 2. Nf3 Nc6 3. d4 cxd4 4. Nxd4 e5 5. Nb5 d6 6. N1c3 a6 7. Na3 Be6 8. Nc4 b5 9. Ne3 Nf6 10. Bd3 g6 11. Ncd5 Bg7 12. c3 O-O 13. O-O Bxd5 14. Nxd5 Nxd5 15. exd5 Na5 16. a4 Nc4 17. Qb3 Nb6 18. axb5 axb5 19. Be3 Qc7 20. Bxb5 Rab8 21. c4 Rfc8 22. Rfc1 Bf8 23. Qd3 f5 24. f3 Bg7 25. Ra6 Kh8 26. b4 f4 27. Bf2 Rb7 28. c5 Nxd5 29. Rc6 Qb8 30. Rxc8+ Qxc8 31. c6 Nxb4 32. Qc4 Rxb5 33. Qxb5 Na2 34. c7 Nxc1 35. Qb8 1-0

[Event "Chessemy Open 2022"]
[Site "Reinstorf"]
[Date "2022.02.05"]
[Round "8.36"]
[White "Zhou, Lepu Coco"]
[Black "Rick, Uwe"]
[Result "1-0"]
[WhiteElo "1819"]
[BlackElo "2107"]
[Annotator "TA"]
[PlyCount "67"]
[EventDate "2022.01.29"]
[EventType "swiss"]
[EventCountry "GER"]
[SourceTitle "playchess.com"]
[Source "ChessBase"]
[SourceQuality "1"]

1. e4 c5 2. Nf3 d6 3. Bb5+ Bd7 4. Bxd7+ Qxd7 5. c4 Nf6 6. Nc3 g6 7. d4 cxd4 8. Nxd4 Bg7 9. f3 O-O 10. O-O Rc8 11. b3 d5 12. exd5 Nxd5 13. Nxd5 e6 14. Bh6 exd5 15. Bxg7 Kxg7 16. Nb5 a6 17. Qd4+ Kg8 18. Nc3 dxc4 19. Nd5 Qd8 20. Nf6+ Kh8 21. Nd5+ Kg8 22. Rad1 Nc6 23. Qc3 Qf8 24. Nf6+ Kh8 25. Nd7+ Qg7 26. Qxg7+ Kxg7 27. Nb6 cxb3 28. axb3 Rab8 29. Nxc8 Rxc8 30. Rd7 Rb8 31. Rfd1 a5 32. Rc7 Nd8 33. Rd6 b5 34. Rcd7 1-0

[Event "Chessemy Open 2022"]
[Site "Reinstorf"]
[Date "2022.02.05"]
[Round "8.37"]
[White "Pohle, Saskia"]
[Black "Schmidt, Theo"]
[Result "1-0"]
[WhiteElo "1824"]
[BlackElo "1997"]
[Annotator "TA"]
[PlyCount "65"]
[EventDate "2022.01.29"]
[EventType "swiss"]
[EventCountry "GER"]
[SourceTitle "playchess.com"]
[Source "ChessBase"]
[SourceQuality "1"]

1. e4 c5 2. Nf3 Nc6 3. d4 cxd4 4. Nxd4 Nf6 5. Nc3 e5 6. Ndb5 d6 7. Bg5 a6 8. Na3 b5 9. Nd5 Be7 10. Bxf6 gxf6 11. c4 Qa5+ 12. Qd2 b4 13. Nc2 Rb8 14. b3 f5 15. Nxe7 Kxe7 16. Qg5+ Ke8 17. exf5 Ne7 18. Qf6 Rg8 19. Qxd6 Rb7 20. f6 Nf5 21. Qc6+ Kd8 22. Be2 Rd7 23. Qe4 Rg5 24. Rd1 Rxd1+ 25. Bxd1 Kc7 26. Bf3 Qc5 27. O-O Nd6 28. Qxh7 Bf5 29. Qh4 Rg6 30. Ne3 Bd3 31. Nd5+ Kd7 32. Rd1 Bf5 33. Ne7 1-0

[Event "Chessemy Open 2022"]
[Site "Reinstorf"]
[Date "2022.02.05"]
[Round "8.38"]
[White "Albers, Andreas"]
[Black "Niemann, Leon"]
[Result "1-0"]
[WhiteElo "1968"]
[BlackElo "1804"]
[Annotator "TA"]
[PlyCount "41"]
[EventDate "2022.01.29"]
[EventType "swiss"]
[EventCountry "GER"]
[SourceTitle "playchess.com"]
[Source "ChessBase"]
[SourceQuality "1"]

1. e4 c5 2. Nc3 e6 3. f4 Nc6 4. Bb5 Nd4 5. Bc4 a6 6. d3 b5 7. Bb3 Ne7 8. Nf3 Nec6 9. O-O d6 10. Ne2 Nxe2+ 11. Qxe2 g6 12. f5 gxf5 13. exf5 e5 14. Bd5 Qc7 15. Ng5 h6 16. Nxf7 Rh7 17. Nxh6 Ra7 18. Qh5+ Kd8 19. Bg5+ Ne7 20. Nf7+ Rxf7 21. Qxf7 1-0

[Event "Chessemy Open 2022"]
[Site "Reinstorf"]
[Date "2022.02.05"]
[Round "8.39"]
[White "Klaska, Philipp Leon"]
[Black "Zschiesing, Falk"]
[Result "1-0"]
[WhiteElo "1831"]
[BlackElo "1961"]
[Annotator "TA"]
[PlyCount "55"]
[EventDate "2022.01.29"]
[EventType "swiss"]
[EventCountry "GER"]
[SourceTitle "playchess.com"]
[Source "ChessBase"]
[SourceQuality "1"]

1. e4 e5 2. Nf3 Nc6 3. Bb5 a6 4. Bxc6 dxc6 5. O-O Bg4 6. h3 Bh5 7. g4 Bg6 8. Nxe5 Qh4 9. Qf3 f6 10. Nxg6 hxg6 11. Kg2 O-O-O 12. Nc3 Bd6 13. d4 Ne7 14. Ne2 g5 15. Rh1 Qh7 16. Be3 Kb8 17. Ng3 Ng6 18. Nf5 Rde8 19. Rae1 Re7 20. Kg1 Rhe8 21. Nxe7 Nh4 22. Qe2 Qxe4 23. f3 Nxf3+ 24. Kf2 Nxe1 25. Nxc6+ Qxc6 26. Rxe1 Qb6 27. Qd3 Qxb2 28. Bc1 1-0

[Event "Chessemy Open 2022"]
[Site "Reinstorf"]
[Date "2022.02.05"]
[Round "8.40"]
[White "Goh, Choon Keng Philip"]
[Black "Klemm, Robert"]
[Result "1/2-1/2"]
[WhiteElo "1960"]
[BlackElo "1793"]
[Annotator "TA"]
[PlyCount "110"]
[EventDate "2022.01.29"]
[EventType "swiss"]
[EventCountry "GER"]
[SourceTitle "playchess.com"]
[Source "ChessBase"]
[SourceQuality "1"]

1. e4 d6 2. d4 Nf6 3. Bd3 e5 4. c3 Nc6 5. Nf3 Bg4 6. d5 Ne7 7. Be3 g6 8. h3 Bd7 9. c4 Bg7 10. Nc3 c6 11. g4 cxd5 12. cxd5 a6 13. a4 O-O 14. Nd2 Ne8 15. Nc4 f5 16. f3 Nc8 17. gxf5 gxf5 18. h4 f4 19. Bf2 h5 20. Qb3 Rb8 21. a5 Bf6 22. Ke2 Rf7 23. Qb4 Rg7 24. Bc2 Rg2 25. Rag1 Rxg1 26. Rxg1+ Kf7 27. Rh1 Be7 28. Bb3 Kg7 29. Ba4 Nf6 30. Bc2 Nh7 31. Na4 Bb5 32. Bd3 Nf8 33. Nab6 Ng6 34. Be1 Na7 35. Bc3 Be8 36. Rg1 Nb5 37. Na3 Nxc3+ 38. Qxc3 Bxh4 39. Rh1 Qg5 40. Qc7+ Kh6 41. Rxh4 Qg2+ 42. Ke1 Nxh4 43. Be2 Qg1+ 44. Kd2 Qe3+ 45. Kd1 Ba4+ 46. Nxa4 Rg8 47. Qxd6+ Ng6 48. Nc3 h4 49. Qe6 Rg7 50. Nc4 Qg1+ 51. Kc2 Re7 52. Qc8 Qg2 53. Nd2 Rh7 54. Bf1 Qg5 55. Bh3 Qe7 1/2-1/2

[Event "Chessemy Open 2022"]
[Site "Reinstorf"]
[Date "2022.02.05"]
[Round "8.41"]
[White "Launert, Martin"]
[Black "Nyenhuis, Yannek"]
[Result "0-1"]
[WhiteElo "1790"]
[BlackElo "1956"]
[Annotator "TA"]
[PlyCount "93"]
[EventDate "2022.01.29"]
[EventType "swiss"]
[EventCountry "GER"]
[SourceTitle "playchess.com"]
[Source "ChessBase"]
[SourceQuality "1"]

1. e4 c5 2. Nf3 Nc6 3. d4 cxd4 4. Nxd4 Nf6 5. Nc3 e5 6. Ndb5 d6 7. Bg5 a6 8. Na3 b5 9. Nd5 Be7 10. Bxf6 Bxf6 11. c3 Bg5 12. g3 O-O 13. Bg2 Ne7 14. Nxe7+ Qxe7 15. O-O Rb8 16. Nc2 a5 17. a3 Be6 18. Re1 Rfc8 19. Ne3 Bxe3 20. Rxe3 b4 21. Qd2 bxa3 22. Rxa3 Qb7 23. Rxa5 Qxb2 24. Qxb2 Rxb2 25. Ra1 Rc2 26. Rd1 Kf8 27. Red3 Rc6 28. h3 Ke7 29. R1d2 Rxd2 30. Rxd2 Rxc3 31. Kh2 Ra3 32. Bh1 Ra2 33. Rxa2 Bxa2 34. f4 Ke6 35. Kg1 d5 36. Bf3 d4 37. Kf2 f6 38. Ke2 Kd6 39. Kd2 Kc5 40. Bd1 Bb1 41. Bf3 Kc4 42. Be2+ d3 43. Bf1 Kd4 44. Bg2 Ba2 45. Bf1 Bc4 46. Bg2 Bb5 47. Bf1 0-1

[Event "Chessemy Open 2022"]
[Site "Reinstorf"]
[Date "2022.02.05"]
[Round "8.42"]
[White "Milde, Lars"]
[Black "Schulze, Tim"]
[Result "1/2-1/2"]
[WhiteElo "1926"]
[BlackElo "1578"]
[Annotator "TA"]
[PlyCount "70"]
[EventDate "2022.01.29"]
[EventType "swiss"]
[EventCountry "GER"]
[SourceTitle "playchess.com"]
[Source "ChessBase"]
[SourceQuality "1"]

1. e4 c6 2. d4 d5 3. exd5 cxd5 4. Bd3 Nc6 5. c3 Qc7 6. Nf3 Bg4 7. h3 Bh5 8. O-O e6 9. Be3 Nf6 10. Nbd2 Be7 11. Re1 O-O 12. Rc1 Rac8 13. Kh1 Rfe8 14. g4 Bg6 15. Bxg6 hxg6 16. Bg5 Bd6 17. Bxf6 gxf6 18. Nf1 Kg7 19. Kg2 Rh8 20. Ne3 Qa5 21. a3 Bb8 22. Rh1 Qc7 23. Qd2 Na5 24. Rcd1 b5 25. Ne1 Nc4 26. Nxc4 bxc4 27. h4 Qf4 28. Qxf4 Bxf4 29. Kf3 Bd6 30. Rd2 Rb8 31. Ng2 Rb3 32. Ne3 Rhb8 33. Nd1 Rh8 34. Ne3 Rhb8 35. Nd1 Rh8 1/2-1/2

[Event "Chessemy Open 2022"]
[Site "Reinstorf"]
[Date "2022.02.05"]
[Round "8.46"]
[White "Chitsazian, Daniel"]
[Black "Ploder, Udo"]
[Result "1-0"]
[WhiteElo "1594"]
[BlackElo "1873"]
[Annotator "NA RC"]
[PlyCount "56"]
[EventDate "2022.01.29"]
[EventType "swiss"]
[EventCountry "GER"]
[SourceTitle "playchess.com"]
[Source "ChessBase"]
[SourceQuality "1"]

1. c4 e5 2. Nc3 Nf6 3. g3 c6 4. Nf3 e4 5. Nd4 d5 6. cxd5 cxd5 7. d3 Nc6 8. Nxc6 bxc6 9. Bg2 Bf5 10. dxe4 dxe4 11. Qa4 Qb6 12. O-O Bb4 13. Be3 Qb7 14. Bd4 Bxc3 15. bxc3 Qb5 16. Qb4 Qxb4 17. cxb4 O-O 18. Rfc1 Nd5 19. Be5 Rfc8 20. Bd6 a5 21. a3 f6 22. e3 Kf7 23. Rab1 axb4 24. axb4 Ke6 25. Bc5 Rcb8 26. Rc4 Ke5 27. Rbc1 Nxb4 28. Rxb4 Kd5 1-0

[Event "Chessemy Open 2022"]
[Site "Reinstorf"]
[Date "2022.02.05"]
[Round "8.47"]
[White "Rennkamp, David"]
[Black "Klein, Gernot"]
[Result "0-1"]
[WhiteElo "1523"]
[BlackElo "1862"]
[Annotator "NA RC"]
[PlyCount "46"]
[EventDate "2022.01.29"]
[EventType "swiss"]
[EventCountry "GER"]
[SourceTitle "playchess.com"]
[Source "ChessBase"]
[SourceQuality "1"]

1. e4 c5 2. Nc3 e6 3. Nge2 Nc6 4. g3 Nf6 5. Bg2 d6 6. O-O Be7 7. d4 cxd4 8. Nxd4 Nxd4 9. Qxd4 O-O 10. Rd1 a6 11. b3 Qc7 12. Bb2 Rb8 13. Rd2 b5 14. Rc1 Bb7 15. Ne2 Rfd8 16. c4 b4 17. Rdc2 Rbc8 18. e5 Bxg2 19. Kxg2 Qb7+ 20. Kg1 dxe5 21. Qxe5 Rc5 22. Qe3 Ng4 23. Qf4 Nxh2 0-1

[Event "Chessemy Open 2022"]
[Site "Reinstorf"]
[Date "2022.02.05"]
[Round "8.48"]
[White "Jessen, Bjarne"]
[Black "Milovs, Daniels"]
[Result "0-1"]
[WhiteElo "1547"]
[BlackElo "1842"]
[Annotator "NA RC"]
[PlyCount "92"]
[EventDate "2022.01.29"]
[EventType "swiss"]
[EventCountry "GER"]
[SourceTitle "playchess.com"]
[Source "ChessBase"]
[SourceQuality "1"]

1. e4 e6 2. d4 d5 3. Nd2 Nf6 4. e5 Nfd7 5. Bd3 c5 6. c3 Nc6 7. Ngf3 Be7 8. O-O g5 9. Qe2 h5 10. Qe3 Rg8 11. Ne1 Qb6 12. Nc2 Nf8 13. f4 g4 14. Qf2 cxd4 15. cxd4 Bd7 16. Nb3 O-O-O 17. Be3 Kb8 18. Nc5 h4 19. g3 hxg3 20. hxg3 Rh8 21. b4 Ng6 22. a4 Rh3 23. Nxd7+ Rxd7 24. a5 Qd8 25. b5 Qh8 26. Qg2 Nd8 27. f5 Nh4 28. gxh4 Bxh4 29. Bf4 Rxd3 30. Qxg4 Re7 31. Rf3 Re8 32. Kf1 Rg8 33. Qh3 Rxf3+ 34. Qxf3 Qg7 35. Bh2 Qg5 36. Ne3 Qe7 37. Qf4 Bg5 38. Qg3 Qb4 39. Rd1 Qxb5+ 40. Kg2 Qe2+ 41. Kh1 Qxe3 42. Rg1 Qxg3 43. Rxg3 Rg7 44. f6 Bxf6 45. exf6 Rxg3 46. Bxg3+ Kc8 0-1

[Event "Chessemy Open 2022"]
[Site "Reinstorf"]
[Date "2022.02.05"]
[Round "8.49"]
[White "Paashaus, Detlef"]
[Black "Linnemann, Caspar"]
[Result "1/2-1/2"]
[WhiteElo "2096"]
[BlackElo "1754"]
[Annotator "TA"]
[PlyCount "48"]
[EventDate "2022.01.29"]
[EventType "swiss"]
[EventCountry "GER"]
[SourceTitle "playchess.com"]
[Source "ChessBase"]
[SourceQuality "1"]

1. e4 c5 2. Nf3 d6 3. d4 cxd4 4. Nxd4 Nf6 5. Nc3 a6 6. Be2 e6 7. Be3 Qc7 8. Qd2 b5 9. a3 Bb7 10. f3 Be7 11. O-O O-O 12. Qe1 Nc6 13. Rd1 Rac8 14. Nxc6 Bxc6 15. Bd3 d5 16. exd5 Nxd5 17. Nxd5 Bxd5 18. Kh1 Bf6 19. b3 Rfd8 20. Qf2 Rd7 21. Bb6 Qb7 22. Be3 Qc7 23. Bb6 Qb7 24. Be3 Qc7 1/2-1/2

[Event "Chessemy Open 2022"]
[Site "Reinstorf"]
[Date "2022.02.05"]
[Round "8.50"]
[White "Bauer, Dieter"]
[Black "Pfau, Beate"]
[Result "0-1"]
[WhiteElo "1670"]
[BlackElo "2034"]
[Annotator "TA"]
[PlyCount "68"]
[EventDate "2022.01.29"]
[EventType "swiss"]
[EventCountry "GER"]
[SourceTitle "playchess.com"]
[Source "ChessBase"]
[SourceQuality "1"]

1. c4 b6 2. Nf3 Bb7 3. g3 g6 4. Bg2 Bg7 5. O-O Nf6 6. d3 O-O 7. Nc3 d5 8. cxd5 Nxd5 9. d4 Nd7 10. Na4 c5 11. dxc5 b5 12. Nh4 e6 13. e4 Nc7 14. c6 Bxc6 15. Qc2 Bb7 16. Nc3 Rc8 17. Qe2 a6 18. Nf3 b4 19. Nd1 a5 20. Re1 Ba6 21. Qe3 Nb5 22. Rb1 Nc5 23. Bf1 Nd4 24. Nxd4 Bxd4 25. Qd2 Bb7 26. Bg2 Qd7 27. a3 Nb3 28. Qh6 Bg7 29. Qe3 Nd4 30. Qg5 Nc2 31. Bd2 h6 32. Qg4 Qxd2 33. Re2 Qd3 34. Bf1 Nd4 0-1

[Event "Chessemy Open 2022"]
[Site "Reinstorf"]
[Date "2022.02.06"]
[Round "9.1"]
[White "Tan, Justin"]
[Black "Niermann, Tristan"]
[Result "1-0"]
[WhiteElo "2526"]
[BlackElo "2263"]
[Annotator "TA"]
[PlyCount "75"]
[EventDate "2022.01.29"]
[EventType "swiss"]
[EventCountry "GER"]
[SourceTitle "playchess.com"]
[Source "ChessBase"]
[SourceQuality "1"]

1. Nf3 Nf6 2. c4 c5 3. Nc3 e6 4. g3 b6 5. Bg2 Bb7 6. O-O Be7 7. Re1 d6 8. e4 a6 9. d4 cxd4 10. Nxd4 Qc7 11. Qd3 Nbd7 12. b3 O-O 13. Bb2 Rfe8 14. Rad1 Rad8 15. Qe2 Bf8 16. g4 g6 17. h3 Qb8 18. Qe3 Bg7 19. g5 Nh5 20. Bf3 d5 21. cxd5 Nf4 22. Nc6 Nxh3+ 23. Kf1 Qh2 24. Nxd8 Rxd8 25. Ne2 Bxb2 26. Bg2 Nxf2 27. Kxf2 Ne5 28. Qf4 Qh5 29. Rh1 Ng4+ 30. Ke1 e5 31. Qd2 Nh2 32. Qd3 Qh4+ 33. Qg3 Bc3+ 34. Kf2 Ng4+ 35. Kf3 Qxg5 36. Qxg4 Qf6+ 37. Kg3 Bc8 38. Qh4 1-0

[Event "Chessemy Open 2022"]
[Site "Reinstorf"]
[Date "2022.02.06"]
[Round "9.1"]
[White "Zschiesing, Falk"]
[Black "Schoell, Tobias"]
[Result "0-1"]
[WhiteElo "1961"]
[BlackElo "1635"]
[Annotator "NA"]
[PlyCount "64"]
[EventDate "2022.01.29"]
[EventType "swiss"]
[EventCountry "GER"]
[SourceTitle "playchess.com"]
[Source "ChessBase"]
[SourceQuality "1"]

1. b3 d5 2. Bb2 c5 3. Nf3 Nc6 4. e3 Nf6 5. Bb5 Bd7 6. c4 a6 7. Bxc6 Bxc6 8. cxd5 Nxd5 9. Ne5 Nb4 10. d4 Bxg2 11. Rg1 Be4 12. Na3 cxd4 13. Bxd4 Rc8 14. Qg4 Nd3+ 15. Ke2 Nxe5 16. Qxe4 Ng6 17. Nc4 Qd7 18. Rad1 Qc6 19. Qd3 b5 20. Nd2 e5 21. Rc1 Qd7 22. Rxc8+ Qxc8 23. Bb2 Bb4 24. Nf3 O-O 25. Nxe5 Rd8 26. Qe4 Rd2+ 27. Kf3 Qh3+ 28. Rg3 Nh4+ 29. Kf4 Rxf2+ 30. Nf3 Bd6+ 31. Be5 Rxf3+ 32. Rxf3 Ng2+ 0-1

[Event "Chessemy Open 2022"]
[Site "Reinstorf"]
[Date "2022.02.06"]
[Round "9.2"]
[White "Gschnitzer, Adrian"]
[Black "Richter, Nils"]
[Result "1/2-1/2"]
[WhiteElo "2403"]
[BlackElo "2270"]
[Annotator "TA"]
[PlyCount "59"]
[EventDate "2022.01.29"]
[EventType "swiss"]
[EventCountry "GER"]
[SourceTitle "playchess.com"]
[Source "ChessBase"]
[SourceQuality "1"]

1. e4 e5 2. Nf3 Nc6 3. Bb5 Nf6 4. O-O Nxe4 5. Re1 Nd6 6. Nxe5 Be7 7. Bf1 Nxe5 8. Rxe5 O-O 9. d4 Bf6 10. Re1 Re8 11. Bf4 Rxe1 12. Qxe1 Ne8 13. c3 d5 14. Bd3 g6 15. Nd2 Ng7 16. Nf3 Bf5 17. Bxf5 Nxf5 18. Qe2 c6 19. Re1 Ng7 20. Be5 Bxe5 21. Nxe5 Qd6 22. Qf3 f6 23. Nd3 Re8 24. Rxe8+ Nxe8 25. Qg4 Qe7 26. Kf1 Nd6 27. Qe2 Qxe2+ 28. Kxe2 h5 29. Nf4 Kf7 30. Kd3 1/2-1/2

[Event "Chessemy Open 2022"]
[Site "Reinstorf"]
[Date "2022.02.06"]
[Round "9.2"]
[White "Reuter, Maximilian"]
[Black "Fernandez Garcia, Alfonso Javier"]
[Result "1-0"]
[WhiteElo "1933"]
[BlackElo "1619"]
[Annotator "ChessBase"]
[PlyCount "48"]
[EventDate "2022.01.29"]
[EventType "swiss"]
[EventCountry "GER"]
[SourceTitle "playchess.com"]
[Source "ChessBase"]
[SourceQuality "1"]

1. d4 Nf6 2. Bf4 g6 3. Nc3 Bg7 4. e4 d6 5. Qd2 O-O 6. O-O-O Nbd7 7. e5 Ne8 8. Bh6 Nb6 9. Bxg7 Kxg7 10. Bd3 Be6 11. f4 Qc8 12. h3 c5 13. Nf3 Nc4 14. Qe2 cxd4 15. Nxd4 d5 16. g4 Qc5 17. Bxc4 dxc4 18. f5 Bc8 19. h4 a6 20. h5 b5 21. hxg6 fxg6 22. Qe3 Rh8 23. Ne6+ Kf7 24. Nd4 Rf8 1-0

[Event "Chessemy Open 2022"]
[Site "Reinstorf"]
[Date "2022.02.06"]
[Round "9.3"]
[White "Van den Doel, Erik"]
[Black "Skytte, Rasmus"]
[Result "1-0"]
[WhiteElo "2591"]
[BlackElo "2377"]
[Annotator "TA"]
[PlyCount "111"]
[EventDate "2022.01.29"]
[EventType "swiss"]
[EventCountry "GER"]
[SourceTitle "playchess.com"]
[Source "ChessBase"]
[SourceQuality "1"]

1. e4 c6 2. Nf3 d5 3. d3 g6 4. e5 c5 5. c3 Nc6 6. d4 cxd4 7. cxd4 Bg4 8. Nbd2 e6 9. h3 Bxf3 10. Nxf3 Bb4+ 11. Bd2 Qa5 12. Bd3 Nge7 13. h4 Nf5 14. h5 Bxd2+ 15. Qxd2 Qxd2+ 16. Kxd2 Ke7 17. Rac1 Rac8 18. hxg6 hxg6 19. Rxh8 Rxh8 20. b4 Kd7 21. Bb5 Nh4 22. Nxh4 Rxh4 23. Bxc6+ bxc6 24. Ke3 a6 25. g3 Rh5 26. Rc3 Kc7 27. Rc1 Kb6 28. Kf3 Kb5 29. a3 Rf5+ 30. Kg2 Rh5 31. Rc5+ Kb6 32. Rc3 Kb5 33. Rc5+ Kb6 34. a4 Rh8 35. Rc3 Rb8 36. Rf3 Rb7 37. Kh3 a5 38. bxa5+ Kxa5 39. Rc3 Kb6 40. Kg4 Ra7 41. Kg5 Rxa4 42. Kf6 Ra7 43. Rb3+ Ka6 44. f4 Rc7 45. g4 Ka7 46. g5 Rb7 47. Rxb7+ Kxb7 48. Kxf7 c5 49. f5 cxd4 50. fxe6 d3 51. e7 d2 52. e8=Q d1=Q 53. Qb5+ Kc7 54. Qc5+ Kd8 55. Qd6+ Kc8 56. e6 1-0

[Event "Chessemy Open 2022"]
[Site "Reinstorf"]
[Date "2022.02.06"]
[Round "9.3"]
[White "Ploder, Udo"]
[Black "Rennkamp, David"]
[Result "1/2-1/2"]
[WhiteElo "1873"]
[BlackElo "1496"]
[Annotator "NA"]
[PlyCount "80"]
[EventDate "2022.01.29"]
[EventType "swiss"]
[EventCountry "GER"]
[SourceTitle "playchess.com"]
[Source "ChessBase"]
[SourceQuality "1"]

1. e4 e5 2. f4 exf4 3. Nf3 d6 4. d4 g5 5. g3 g4 6. Nh4 fxg3 7. hxg3 Bg7 8. Nc3 a6 9. Be3 Nc6 10. Qd2 Nf6 11. Bc4 Na5 12. Bd3 Nc6 13. O-O-O Bd7 14. Rdf1 h6 15. Ng2 Qe7 16. Nd5 Nxd5 17. exd5 Nxd4 18. Nh4 O-O-O 19. c3 Nf3 20. Nxf3 gxf3 21. Rxf3 Rde8 22. Bf4 h5 23. Rhf1 Bg4 24. Re3 Qd7 25. Rfe1 Kd8 26. Be4 Be5 27. Bg5+ Kc8 28. Rf1 Ref8 29. Bf6 Bxf6 30. Rxf6 h4 31. gxh4 Rxh4 32. Qf2 Rh3 33. Re1 Kd8 34. Bg6 Rh6 35. Bxf7 Rhh8 36. Qf4 b6 37. Rf1 Bh3 38. Rf3 Qg4 39. Qe3 Qg7 40. b3 Bd7 1/2-1/2

[Event "Chessemy Open 2022"]
[Site "Reinstorf"]
[Date "2022.02.06"]
[Round "9.4"]
[White "Kozak, Adam"]
[Black "Peist, Juergen"]
[Result "1-0"]
[WhiteElo "2526"]
[BlackElo "2351"]
[Annotator "TA"]
[PlyCount "85"]
[EventDate "2022.01.29"]
[EventType "swiss"]
[EventCountry "GER"]
[SourceTitle "playchess.com"]
[Source "ChessBase"]
[SourceQuality "1"]

1. c4 Nf6 2. Nc3 d5 3. cxd5 Nxd5 4. g3 c5 5. Bg2 Nc7 6. d3 e5 7. Qb3 Nc6 8. Bxc6+ bxc6 9. Qa4 Be7 10. Nf3 f6 11. Be3 O-O 12. O-O Ne6 13. Rfc1 Nd4 14. Bxd4 cxd4 15. Ne4 Bd7 16. Nc5 Bxc5 17. Rxc5 Kh8 18. Rac1 Be6 19. Qa5 Bd5 20. Qxd8 Raxd8 21. b3 g5 22. Nd2 Rfe8 23. e4 dxe3 24. fxe3 e4 25. dxe4 Bxe4 26. Nxe4 Rxe4 27. Rxc6 Rxe3 28. Rxf6 Re2 29. Ra6 Rd7 30. g4 Kg7 31. h3 h6 32. b4 Rb2 33. a3 Re7 34. Ra5 Rd7 35. b5 Ra2 36. Ra6 Rb2 37. a4 Rdd2 38. Rxa7+ Kf6 39. Rc6+ Ke5 40. Re7+ Kf4 41. Rf6+ Kg3 42. Re3+ Kh4 43. Rxh6# 1-0

[Event "Chessemy Open 2022"]
[Site "Reinstorf"]
[Date "2022.02.06"]
[Round "9.4"]
[White "Hilbenz, Guntram"]
[Black "Back, Andreas"]
[Result "1-0"]
[WhiteElo "1857"]
[BlackElo "1454"]
[Annotator "NA"]
[PlyCount "87"]
[EventDate "2022.01.29"]
[EventType "swiss"]
[EventCountry "GER"]
[SourceTitle "playchess.com"]
[Source "ChessBase"]
[SourceQuality "1"]

1. c4 c5 2. g3 Nc6 3. Bg2 Nf6 4. Nc3 d6 5. Nf3 e5 6. d3 Be7 7. a3 a5 8. Rb1 Bd7 9. O-O O-O 10. Bd2 Re8 11. Ne1 Rb8 12. Nc2 Qc8 13. b4 axb4 14. axb4 Nxb4 15. Nxb4 cxb4 16. Nd5 Nxd5 17. Bxd5 Bc6 18. Qb3 Bxd5 19. cxd5 Qd7 20. Qxb4 b5 21. Rfc1 Rb7 22. Rc6 Reb8 23. Kg2 h6 24. e4 g5 25. h3 Rb6 26. Rbc1 Rxc6 27. Rxc6 Rb7 28. f4 f6 29. f5 Qd8 30. Qa3 Kf7 31. Bb4 Rd7 32. Qa6 Qb8 33. Rc8 Qb7 34. Qxb7 Rxb7 35. Rc6 Ra7 36. Bxd6 Bxd6 37. Rxd6 Ra2+ 38. Kf3 h5 39. Rd7+ Kg8 40. Rb7 Rd2 41. Ke3 Rg2 42. d6 Rxg3+ 43. Kd2 Kf8 44. Rb8+ 1-0